| 000 | 00000nam##2200000za#4500 |
| 001 | 9.676671 |
| 003 | CaOODSP |
| 005 | 20210624230008 |
| 007 | cr ||||||||||| |
| 008 | 150407|2001||||xxc|||||o f|0| 0 eng|d |
| 040 | |aCaOODSP|beng |
| 041 | |aeng |
| 041 | |afre |
| 043 | |an-cn--- |
| 086 | 1 |aSC62-5/2003-PDF |
| 110 | 1 |aCanada.|bPublic Service Commission of Canada. |bTraining and Development Canada. |
| 245 | 10|aDirectory of courses and services, April, 2001 - March 2003 |h[electronic resource] |
| 260 | |aOttawa - Ontario : |bPublic Service Commission. |c2001. |
| 300 | |a179p.|btables |
| 500 | |aThe catalogue number (SC62-5/2003) and ISBN (0-662-65751-9) for the bilingual print edition have been incorrectly copied in this electronic publication. |
| 590 | |a13-15-Supp|b2013-06-24 |
| 690 | 07|aTraining|2gcpds |
| 690 | 07|aEducation|2gcpds |
| 690 | 07|aPublic service|2gcpds |
| 776 | 0#|tRépertoire de cours et services, avril 2001 - mars 2003 |w(CaOODSP)9.662804 |
| 792 | |tRépertoire de cours et services, avril 2001 - mars 2003 |efre|w(CaOODSP)9.676672 |
| 856 | 40|ahttp://publications.gc.ca|qPDF|s1022 KB|uhttps://publications.gc.ca/collections/Collection/SC62-5-2003.pdf |